Významnosť v audite ako jedno z najdôležitejších kritérií audítorskej profesie diplomová práca

Salvato in:
Dettagli Bibliografici
Autore principale: Kotúľová, Martina
Ente Autore: Fakulta hospodárskej informatiky EU. Katedra účtovníctva a audítorstva
Altri autori: Kareš, Ladislav
Natura: Libro
Lingua:slovacco
Pubblicazione: Bratislava 2019
Tags: Aggiungi Tag
Nessun Tag, puoi essere il primo ad aggiungerne!!

MARC

LEADER 00000nbm a2200000 4500
001 0254224
005 20200113075307.9
041 0 |a slo 
044 |a SK 
245 1 0 |a Významnosť v audite ako jedno z najdôležitejších kritérií audítorskej profesie  |b diplomová práca  |c Martina Kotúľová ; školiteľ: Ladislav Kareš 
264 1 |a Bratislava  |c 2019 
300 |a 60 s. 
100 1 |a Kotúľová, Martina 
700 1 |a Kareš, Ladislav 
710 2 |a Fakulta hospodárskej informatiky EU. Katedra účtovníctva a audítorstva